000 00603nam a2200193Ia 4500
001 22457
003 GE_BSU
008 181216s||||||||xx |||||||||||||| ||und||
040 _cGE_BSU
245 _aAmerican political Science Review:Volume 112, Number №1, February 2018: Table of Contents.
245 _cLEAD EDITOR:John Ishiyama
260 _aCambridge
260 _c2018
300 _a200 p. 30cm.
653 _aAmerican political Science Review: Volume 112, Number №1, February 2018: Table of Contents.
653 _aПериодика
653 _aპერიოდიკა
942 _cCR
999 _c55379
_d55379